000 00466nam a2200193Ia 4500
005 20240823014600.0
008 240823s9999||||xx |||||||||||||| ||und||
020 _a81-203-2063-8
041 _aENGLISH
082 _A005.43 P4
100 _a"Tanenbaum,Andrew S"
245 0 _aModern Operating Systems
250 _a2nd
260 _c2004
_b"PHI,New D"
500 _aYES
650 _aOperating System
_bComputer Applications
942 _cBK
999 _c170419
_d170419